Correspondance générale et confessions. Tome 5: 1849-1850 (Record no. 39574)
[ view plain ]
| 000 -LEADER | |
|---|---|
| fixed length control field | 00829 a2200325 4500 |
| 037 ## - SOURCE OF ACQUISITION | |
| Source of stock number/acquisition | 3, BU |
| 037 ## - SOURCE OF ACQUISITION | |
| Stock number | L1749 |
| 037 ## - SOURCE OF ACQUISITION | |
| Stock number | L2775 |
| 037 ## - SOURCE OF ACQUISITION | |
| Stock number | L2773 |
| 020 ## - NUMERO INTERNATIONAL NORMALISE DES LIVRES | |
| International Standard Book Number | 2-7132-0787-8 |
| 020 ## - NUMERO INTERNATIONAL NORMALISE DES LIVRES | |
| International Standard Book Number | 2-7116-2022-0 |
| 100 ## - VEDETTE PRINCIPALE - NOM DE PERSONNE | |
| Personal name | Comte, Auguste |
| 100 ## - VEDETTE PRINCIPALE - NOM DE PERSONNE | |
| Language of a work | Fr |
| 260 ## - PUBLICATION, DISTRIBUTION, ETC. (IMPRINT) | |
| Place of publication, distribution, etc | Paris |
| 260 ## - PUBLICATION, DISTRIBUTION, ETC. (IMPRINT) | |
| Name of publisher, distributor, etc | Ecole des hautes études en sciences sociales |
| 260 ## - PUBLICATION, DISTRIBUTION, ETC. (IMPRINT) | |
| Name of publisher, distributor, etc | J. VRIN |
| 260 ## - PUBLICATION, DISTRIBUTION, ETC. (IMPRINT) | |
| Name of publisher, distributor, etc | Mouton |
| 245 ## - TITLE STATEMENT | |
| Title | Correspondance générale et confessions. Tome 5: 1849-1850 |
| 260 ## - PUBLICATION, DISTRIBUTION, ETC. (IMPRINT) | |
| Date of publication, distribution, etc | 1982 |
| 300 ## - PHYSICAL DESCRIPTION | |
| Extent | 352p. |
| 300 ## - PHYSICAL DESCRIPTION | |
| Other physical details | 23cm. |
| 440 ## - SERIES STATEMENT/ADDED ENTRY--TITLE | |
| Title | Archives positivistes |
| 630 ## - SUBJECT ADDED ENTRY--UNIFORM TITLE | |
| Uniform title | 16 - Logique. Theorie de la connaissance |
| 650 ## - SUBJECT ADDED ENTRY--TOPICAL TERM | |
| Topical term or geographic name as entry element | 1 - PHILOSOPHIE ET PSYCHOLOGIE |
| 650 ## - SUBJECT ADDED ENTRY--TOPICAL TERM | |
| Topical term or geographic name as entry element | correspondance |
| 700 ## - ADDED ENTRY--PERSONAL NAME | |
| Personal name | Ed., <de> Berrêdo Carneiro, Paulo |
| 700 ## - ADDED ENTRY--PERSONAL NAME | |
| Personal name | Ed., Arbousse-Bastide, Paul |
| Withdrawn status | Lost status | Damaged status | Not for loan | Location (home branch) | Sublocation or collection (holding branch) | Date acquired | Koha issues (times borrowed) | Koha full call number | Koha date last seen | Price effective from | Koha item type |
|---|---|---|---|---|---|---|---|---|---|---|---|
| Bibliothèque Universitaire Centrale | Bibliothèque Universitaire Centrale | 28/02/2009 | 177.3:2 COM | 28/02/2009 | 28/02/2009 | Livre |